00181nam a2200073Ia 4500008004100000050001900041100001800060245002900078230915s9999 xx 000 0 und d aHB171.W36.1979 aJUDE WANNISKI 4aTHE WAY, THE WORLD WORKS